00951nam a2200205 4500001000700000003000900007005001700016007000300033008004100036100005100077245015900128260008700287300003000374490001800404710007500422830007600497852003200573999001900605952012100624132080ES-MaACL20250728062610.0t|070214s1980 sp r ||||1| spa d1 aRodríguez Sánchez de Alva, Alfonso.99880413aEl suelo como factor de localización industrial b: planteamiento general y análisis del caso español / cpor Alfonso Rodríguez Sánchez de Alva. aMadrid : bCentro de Estudios de Ordenación Territorial y Medio Ambiente,c1980. a298 p. : bil. ; c30 cm.1 aMonografías2 aCentro de Estudios de Ordenación Territorial y Medio Ambiente.9262400aMonografías (Centro de Estudios Benaventanos "Ledo del Pozo")9177262 aES-MaACLjL-5846 bR.106430 c132080d132080 00104070aATENEOMbATENEOMcDEPO2d2008-01-17eSCl0oL-5846p1137511r2023-02-23 00:00:00w2023-02-23yMONOGRAFIA